|
|
|
|
| LEADER |
00645nab a2200181 i 4500 |
| 001 |
acta1444 |
| 005 |
20210310144444.0 |
| 008 |
161015s2009 hu o 0|| rus d |
| 022 |
|
|
|a 0237-9554
|
| 040 |
|
|
|a SZTE Egyetemi Kiadványok Repozitórium
|b hun
|
| 041 |
|
|
|a rus
|
| 100 |
1 |
|
|a Kugler Katalin
|
| 245 |
1 |
0 |
|a Nekotorye slučai metaforizacii v sovremennoj publicističeskoj reči
|h [elektronikus dokumentum] /
|c Kugler Katalin
|
| 260 |
|
|
|c 2009
|
| 300 |
|
|
|a 79-86
|
| 490 |
0 |
|
|a Dissertationes slavicae. sectio linguistica
|v 28
|
| 695 |
|
|
|a Nyelvtudomány
|
| 856 |
4 |
0 |
|u http://acta.bibl.u-szeged.hu/1444/1/dissert_slav_ling_028_079-086.pdf
|z Dokumentum-elérés
|